Fake Doctors - Sudden Death - Statistics

General Stats
  • This quiz has been taken 122 times
  • The average score is 8 of 15
Answers on the Grid
Answers color-coded by a green-red scale on the quiz's grid according to % correct below.
Dr. Benjamin Spock
Dr. Charles Xavier
Dr. David Livingstone
Dr. Dre
Dr. Evil
Dr. Feelgood
Dr. Harold Shipman
Dr. Henry Frankenstein
Dr. Henry Jekyll
Dr. Hook
Dr. John Dolittle
Dr. John H Watson
Dr. Josef Mengele
Dr. Leonard McCoy
Dr. No
Dr. Phil McGraw
Dr. Richard Kimble
Dr. Ruth Westheimer
Dr. Strangelove
Dr. Who
Dr. Yuri Zhivago
Francois Papa Doc Duvalier
Sir Arthur Conan Doyle
 
Answer Stats
Answer % Correct
Dr. Who
76%
Dr. Evil
74%
Dr. Dre
73%
Dr. No
68%
Dr. Strangelove
66%
Dr. Feelgood
58%
Dr. Henry Jekyll
58%
Dr. John Dolittle
57%
Dr. Charles Xavier
51%
Dr. Yuri Zhivago
51%
Dr. Hook
48%
Dr. Henry Frankenstein
47%
Dr. Leonard McCoy
39%
Dr. John H Watson
38%
Dr. Richard Kimble
35%
No matching quizzes found
Score Distribution
Percent of People with Each Score
Percentile by Number Answered
Your Score History
You have not taken this quiz